[Event "CRO-ch U19 Girls"]
[Site "Split"]
[Date "2024.07.25"]
[Round "4"]
[White "Dujic, Ozana"]
[Black "Skroza, Chiara"]
[Result "1/2-1/2"]
[WhiteElo "1596"]
[BlackElo "1600"]
[PlyCount "69"]
[EventDate "2024.07.22"]
[EventType "tourn"]
[EventRounds "7"]
[EventCountry "CRO"]
[SourceTitle "CBM 221 Extra"]
[Source "ChessBase"]
[SourceDate "2024.09.30"]
[SourceVersion "1"]
[SourceVersionDate "2024.09.30"]
[SourceQuality "1"]

1. e4 e5 2. Nf3 Nc6 3. Bc4 Bc5 4. d3 Nf6 5. Nc3 d6 6. h3 h6 7. a3 a5 8. g4 Nh7 9. Ne2 Qf6 10. Ng3 Ng5 11. Bxg5 hxg5 12. Nh5 Rxh5 13. gxh5 g4 14. hxg4 Bxg4 15. Qd2 Qxf3 16. Rh2 0-0-0 17. h6 Rh8 18. h7 Bh5 19. c3 Rxh7 20. Bb3 Bg6 21. Bd1 Qf6 22. Rxh7 Bxh7 23. Bg4+ Kb8 24. f3 Qh4+ 25. Ke2 Qh2+ 26. Kd1 Qg1+ 27. Qe1 Bf2 28. Qxg1 Bxg1 29. Kd2 Bb6 30. Rh1 Bg6 31. Rh8+ Ka7 32. Rg8 Ne7 33. Re8 Nc6 34. Rh8 Bc5 35. Rc8 1/2-1/2